Catalogue raisonné de la Bibliothèque Elzevirienne : (Record no. 185123)

MARC details
000 -LEADER
campo de control de longitud fija 00816nam a2200229 i 4500
001 - NÚMERO DE CONTROL
campo de control 185123
003 - IDENTIFICADOR DE NÚMERO DE CONTROL
campo de control ES-MaACL
005 - FECHA Y HORA DE LA ÚLTIMA TRANSACCIÓN
campo de control 20251009144828.0
008 - DATOS DE LONGITUD FIJA--INFORMACIÓN GENERAL
campo de control de longitud fija 160323s1867 fr b |||| | fre d
080 ## - NÚMERO DE LA CLASIFICACIÓN DECIMAL UNIVERSAL
Número de la Clasificación Decimal Universal 840.09:016
245 00 - MENCIÓN DEL TÍTULO
Título Catalogue raisonné de la Bibliothèque Elzevirienne :
Resto del título 1853-1867 /
Mención de responsabilidad, etc. [par Anatole de Montaiglon].
260 ## - PUBLICACIÓN, DISTRIBUCIÓN, ETC.
Lugar de publicación, distribución, etc. Paris :
Nombre del editor, distribuidor, etc. A. Franck,
Fecha de publicación, distribución, etc. 1867.
300 ## - DESCRIPCIÓN FÍSICA
Extensión 140 p. ;
Dimensiones 17 cm.
490 1# - MENCIÓN DE SERIE
Mención de serie Bibliothèque Elzevirienne
530 ## - NOTA DISPONIBLE DE FORMULARIO FÍSICO ADICIONAL
Nota de formato físico adicional disponible Disponible en formato digital.
650 #4 - PUNTO DE ACCESO ADICIONAL DE MATERIA--TÉRMINO DE MATERIA
Término de materia o nombre geográfico como elemento de entrada Literatura francesa-
Subdivisión de forma Bibliografías.
9 (RLIN) 159201
700 1# - ENTRADA AGREGADA--NOMBRE PERSONAL
Nombre de persona Montaiglon, Anatole de,
Fechas asociadas al nombre 1824-1895
9 (RLIN) 130075
830 1# - PUNTO DE ACCESO ADICIONAL DE SERIE-TÍTULO UNIFORME
Título uniforme Bibliothèque Elzevirienne
9 (RLIN) 180979
852 ## - LOCALIZACIÓN
Ubicación ES-MaACL
Número de control de estantería G-2416
856 ## - LOCALIZACIÓN Y ACCESO ELECTRÓNICOS
Identificador Uniforme de Recursos <a href="https://archive.org/details/catalogueraison00montgoog ">https://archive.org/details/catalogueraison00montgoog </a>
Nota pública Internet Archive
Holdings
Estatus retirado Estado de pérdida Estado de daño No para préstamo Colección Biblioteca de origen Biblioteca actual Ubicación en estantería Fecha de adquisición Fuente de adquisición Total de préstamos Signatura topográfica completa Código de barras Visto por última vez Precio de reemplazo Tipo de ítem Koha
        Colección digital Biblioteca del Ateneo de Madrid Biblioteca del Ateneo de Madrid Depósito 2 23/03/2016     G-2416 1194996 23/02/2023 23/02/2023 Libro impreso antiguo